| 000 | 00582nam a22001817a 4500 | ||
|---|---|---|---|
| 005 | 20150619120345.0 | ||
| 010 | _aENG-112880 | ||
| 020 |
_c175.00 _a9788172764555 |
||
| 035 | _aEN-96412 | ||
| 037 | _bDBAD/PUB | ||
| 082 | _a954.035 | ||
| 100 | _aChokshi, Krishna A . | ||
| 245 |
_aThinking through Gandhi : _cby Krishna A. Chokshi _bGandhi's ideas and how they can still inspire / |
||
| 260 |
_aMumbai _bBharatiya Vidaya Bhawan _c2013 |
||
| 270 |
_aK.M. Munshi Marg _bMumbai _e400007 |
||
| 300 |
_axiii,170p. : _c22cm(pbk) _bill. |
||
| 942 |
_2ddc _cEN _mCHO _h954.035 |
||
| 999 |
_c93373 _d93373 |
||